[Event "Benidorm op-A"]
[Site "Benidorm"]
[Date "2022.12.07"]
[Round "5"]
[White "Docx, Stefan"]
[Black "Slagboom, Leandro"]
[Result "1-0"]
[WhiteElo "2448"]
[BlackElo "2177"]
[PlyCount "83"]
[EventDate "2022.12.03"]
[EventType "swiss"]
[EventRounds "9"]
[EventCountry "ESP"]
[SourceTitle "CBM 211 Extra"]
[Source "ChessBase"]
[SourceDate "2023.01.31"]
[SourceVersion "1"]
[SourceVersionDate "2023.01.31"]
[SourceQuality "1"]

1. e4 e6 2. d4 d5 3. e5 c5 4. c3 Nc6 5. Nf3 Qb6 6. a3 c4 7. Nbd2 Na5 8. Rb1 Bd7 9. h4 Ne7 10. h5 h6 11. b4 cxb3 12. Nxb3 Ba4 13. Nxa5 Bxd1 14. Rxb6 axb6 15. Nxb7 Ba4 16. Nd6+ Kd7 17. Nxf7 Rg8 18. Bd3 Nf5 19. g4 Ke8 20. gxf5 Kxf7 21. Rg1 Bd7 22. fxe6+ Bxe6 23. Bg6+ Ke7 24. Nh4 Kd7 25. Bh7 Rh8 26. Bd3 Bxa3 27. Rxg7+ Kd8 28. Ng6 Bxc1 29. Nxh8 Bf4 30. Rg6 Ke7 31. Rg7+ Kf8 32. Rg6 Ke7 33. Rg7+ Kf8 34. Rg2 Bf7 35. Bg6 Be6 36. Bc2 Ra1+ 37. Ke2 Ra2 38. Ng6+ Kf7 39. Nxf4 Rxc2+ 40. Ke3 Rxc3+ 41. Kd2 Rb3 42. Rg6 1-0

[Event "Olympiad-44"]
[Site "Chennai"]
[Date "2022.08.03"]
[Round "6.2"]
[White "Docx, Stefan"]
[Black "Mastrovasilis, Athanasios"]
[Result "0-1"]
[WhiteElo "2434"]
[BlackElo "2527"]
[PlyCount "176"]
[EventDate "2022.07.29"]
[EventType "team-swiss"]
[EventRounds "11"]
[EventCountry "IND"]
[SourceTitle "CBM 210"]
[Source "ChessBase"]
[SourceDate "2022.10.31"]
[SourceVersion "1"]
[SourceVersionDate "2022.10.31"]
[SourceQuality "1"]
[WhiteTeam "Belgium"]
[BlackTeam "Greece"]
[WhiteTeamCountry "BEL"]
[BlackTeamCountry "GRE"]

1. e4 e5 2. Nf3 Nc6 3. Bc4 Nf6 4. Ng5 d5 5. exd5 Na5 6. Bb5+ c6 7. dxc6 bxc6 8. Bd3 Nd5 9. Nf3 Bd6 10. 0-0 Nf4 11. Nc3 Nxd3 12. cxd3 0-0 13. Ne4 c5 14. b3 Nc6 15. Ba3 Bg4 16. h3 Bxf3 17. Qxf3 Nd4 18. Qd1 f5 19. Nxd6 Qxd6 20. Rc1 Rac8 21. Bb2 Nc6 22. a3 Qd5 23. Qc2 Na5 24. Rfe1 Rfe8 25. b4 Nb3 26. Qc4 Qxc4 27. Rxc4 cxb4 28. Rxc8 Rxc8 29. axb4 Rc2 30. Bxe5 Rxd2 31. Bf4 Rxd3 32. Re7 Nd4 33. Kh2 Nc6 34. Rc7 Nxb4 35. Be5 g6 36. Rg7+ Kf8 37. Rxh7 Nc6 38. Bf4 a5 39. Rc7 Rc3 40. Bh6+ Ke8 41. Rg7 a4 42. Rxg6 a3 43. Rg8+ Kf7 44. Ra8 Rc2 45. Rxa3 Rxf2 46. Rg3 Re2 47. Rg7+ Kf6 48. Rc7 Ne5 49. Kg3 Nd3 50. Rc6+ Kf7 51. Rd6 f4+ 52. Kf3 Rf2+ 53. Ke4 Nc5+ 54. Kf5 Rxg2 55. Bxf4 Rf2 56. Kg4 Ne4 57. Ra6 Nf6+ 58. Kg5 Ne4+ 59. Kf5 Ng3+ 60. Kg4 Ne4 61. Be3 Nf6+ 62. Kg5 Ne4+ 63. Kh4 Rf3 64. Bd4 Rf4+ 65. Kh5 Ng3+ 66. Kg5 Rxd4 67. Ra7+ Ke6 68. Ra6+ Ke5 69. Ra5+ Ke4 70. h4 Rd8 71. Kg4 Nf1 72. h5 Rg8+ 73. Kh4 Ng3 74. h6 Nf5+ 75. Kh5 Rh8 76. Ra6 Kf4 77. Ra4+ Ke5 78. Ra6 Ne7 79. Kg5 Rg8+ 80. Kh5 Kf5 81. Ra5+ Kf6 82. h7 Rh8 83. Ra6+ Kf7 84. Kh6 Ng8+ 85. Kg5 Rxh7 86. Ra7+ Ne7 87. Rb7 Ke6 88. Kf4 Nd5+ 0-1

[Event "Olympiad-44"]
[Site "Chennai"]
[Date "2022.07.31"]
[Round "3.2"]
[White "Docx, Stefan"]
[Black "Laohawirapap, Prin"]
[Result "1-0"]
[WhiteElo "2434"]
[BlackElo "2230"]
[PlyCount "69"]
[EventDate "2022.07.29"]
[EventType "team-swiss"]
[EventRounds "11"]
[EventCountry "IND"]
[SourceTitle "CBM 210"]
[Source "ChessBase"]
[SourceDate "2022.10.31"]
[SourceVersion "1"]
[SourceVersionDate "2022.10.31"]
[SourceQuality "1"]
[WhiteTeam "Belgium"]
[BlackTeam "Thailand"]
[WhiteTeamCountry "BEL"]
[BlackTeamCountry "THA"]

1. d4 Nf6 2. c4 g6 3. Nc3 Bg7 4. e4 d6 5. Be2 0-0 6. Nf3 e5 7. Be3 Ng4 8. Bg5 f6 9. Bh4 Nc6 10. d5 Ne7 11. Nd2 f5 12. Bxg4 fxg4 13. Bg5 h6 14. Be3 g5 15. c5 Ng6 16. Nc4 dxc5 17. Bxc5 Rf6 18. 0-0 b6 19. Be3 Bf8 20. Rc1 Bd7 21. Ne2 Qe8 22. Ng3 Nf4 23. a3 Rf7 24. Re1 h5 25. Rc3 h4 26. Nf5 b5 27. Na5 Rxf5 28. exf5 Bxf5 29. Bxf4 gxf4 30. Rxc7 Qd8 31. d6 Bxd6 32. Qd5+ Kh8 33. Nb7 Qxc7 34. Nxd6 Rf8 35. Qxe5+ 1-0

[Event "BEL-chT 2122"]
[Site "Belgium"]
[Date "2022.03.20"]
[Round "4.1"]
[White "Docx, Stefan"]
[Black "Schoppen, Casper"]
[Result "1/2-1/2"]
[WhiteElo "2431"]
[BlackElo "2495"]
[PlyCount "156"]
[EventDate "2021.10.24"]
[EventType "team-tourn"]
[EventRounds "11"]
[EventCountry "BEL"]
[SourceTitle "EXT 2023"]
[Source "ChessBase"]
[SourceDate "2022.10.05"]
[SourceVersion "1"]
[SourceVersionDate "2022.10.05"]
[SourceQuality "1"]
[WhiteTeam "Borgerhout"]
[BlackTeam "KGSRL"]
[WhiteTeamCountry "BEL"]
[BlackTeamCountry "BEL"]

1. d4 Nf6 2. c4 e6 3. Nf3 d5 4. Nc3 Bb4 5. cxd5 exd5 6. Bg5 h6 7. Bh4 0-0 8. e3 Bf5 9. Be2 Nbd7 10. Qb3 Ba5 11. 0-0 c6 12. Rfc1 Qb6 13. Qxb6 axb6 14. a3 Bxc3 15. Rxc3 Ne4 16. Rcc1 g5 17. Bg3 b5 18. Rd1 Nb6 19. Nd2 Nxg3 20. hxg3 Nc4 21. Bxc4 bxc4 22. f3 Bd3 23. Rac1 Bg6 24. g4 b5 25. Rc3 Kg7 26. Kf2 f5 27. gxf5 Bxf5 28. Re1 Rad8 29. Kg3 Rfe8 30. Kf2 h5 31. Rcc1 Bd3 32. Rc3 Bg6 33. Rcc1 Re7 34. Rc3 h4 35. Rcc1 Rb7 36. Rc3 Re7 37. Rcc1 Rb7 38. Rc3 Rf7 39. e4 c5 40. dxc5 d4 41. Rcc1 Ra8 42. Red1 g4 43. Rh1 g3+ 44. Ke2 Rf4 45. c6 Bf7 46. c7 Be6 47. Rhd1 Rf7 48. Nb1 Rd7 49. Rh1 h3 50. gxh3 Kf6 51. f4 Rxc7 52. Kf3 Re8 53. Rcd1 c3 54. Rc1 Rec8 55. bxc3 dxc3 56. f5 Bf7 57. Kf4 c2 58. Nd2 Rc3 59. Nf3 Ke7 60. Nd4 R8c4 61. Ke5 Rc5+ 62. Kf4 R5c4 63. Nxb5 Rb3 64. a4 Rxa4 65. Nc7 Rc4 66. Ne6 Bxe6 67. fxe6 Kxe6 68. Rhg1 Rc8 69. Rg2 Rf8+ 70. Kg4 Rg8+ 71. Kf4 Rf8+ 72. Kg4 Ke5 73. h4 Rc3 74. Rcxc2 Rxc2 75. Rxc2 g2 76. Rxg2 Rg8+ 77. Kf3 Rxg2 78. Kxg2 Kxe4 1/2-1/2

[Event "EU-chT 23rd"]
[Site "Terme Catez"]
[Date "2021.11.21"]
[Round "9.2"]
[White "Pleasants, Allan J"]
[Black "Docx, Stefan"]
[Result "0-1"]
[WhiteElo "2001"]
[BlackElo "2432"]
[PlyCount "60"]
[EventDate "2021.11.12"]
[EventType "team-swiss"]
[EventRounds "9"]
[EventCountry "SLO"]
[SourceTitle "CBM 205"]
[Source "ChessBase"]
[SourceDate "2021.12.31"]
[SourceVersion "1"]
[SourceVersionDate "2021.12.31"]
[SourceQuality "1"]
[WhiteTeam "Wales"]
[BlackTeam "Belgium"]
[WhiteTeamCountry "WLS"]
[BlackTeamCountry "BEL"]

1. Nf3 g6 2. g3 Bg7 3. d4 d6 4. Bg2 Nd7 5. 0-0 e5 6. e4 Ngf6 7. Re1 0-0 8. h3 Re8 9. c4 c6 10. Nc3 a5 11. dxe5 dxe5 12. Be3 a4 13. b4 axb3 14. axb3 Rxa1 15. Qxa1 Qe7 16. Rb1 Nc5 17. Ne1 Rd8 18. b4 Ne6 19. Bb6 Re8 20. Nd3 Nd7 21. Be3 Nd4 22. Qa5 Qe6 23. Nb2 Bf8 24. b5 Nc5 25. Nca4 cxb5 26. Nxc5 Bxc5 27. cxb5 Qb3 28. Bxd4 Bxd4 29. Qa4 Qc3 30. Nd1 Qe1+ 0-1

[Event "BEL-chT 1920"]
[Site "Belgium"]
[Date "2019.12.01"]
[Round "5.2"]
[White "Schoppen, Casper"]
[Black "Docx, Stefan"]
[Result "1-0"]
[WhiteElo "2506"]
[BlackElo "2430"]
[PlyCount "97"]
[EventDate "2019.09.29"]
[EventType "team-tourn"]
[EventRounds "11"]
[EventCountry "BEL"]
[SourceTitle "CBM 195 Extra"]
[Source "ChessBase"]
[SourceDate "2020.05.31"]
[SourceVersion "1"]
[SourceVersionDate "2020.05.31"]
[SourceQuality "1"]
[WhiteTeam "KGSRL"]
[BlackTeam "Borgerhout"]
[WhiteTeamCountry "BEL"]
[BlackTeamCountry "BEL"]

1. e4 e5 2. Nf3 Nc6 3. Bc4 Bc5 4. d3 Nf6 5. 0-0 0-0 6. Re1 d6 7. c3 a6 8. a4 Ba7 9. h3 Ne7 10. Nbd2 Ng6 11. Nf1 c6 12. Bb3 Be6 13. Bxe6 fxe6 14. a5 Qc7 15. Be3 Bxe3 16. Rxe3 Rad8 17. b4 h6 18. Qc2 Qe7 19. Rb1 Nd7 20. g3 Rf7 21. N1h2 Rdf8 22. Rb2 Rf6 23. Qd1 d5 24. Kg2 Qd6 25. Re1 R6f7 26. Qe2 Kh7 27. h4 Kg8 28. h5 Ne7 29. Rf1 Qb8 30. Nh4 Nf6 31. c4 Qd6 32. Re1 dxe4 33. dxe4 Rd8 34. Rbb1 Rff8 35. Red1 Qc7 36. c5 Rd4 37. Rxd4 exd4 38. N2f3 e5 39. Qc4+ Kh7 40. Re1 Nxh5 41. Qe6 g5 42. Nf5 Nxf5 43. exf5 Qf7 44. Rxe5 Qxe6 45. Rxe6 Rxf5 46. Re7+ Kg8 47. Rxb7 Rd5 48. b5 cxb5 49. c6 1-0

[Event "BEL-chT 1920"]
[Site "Belgium"]
[Date "2019.10.20"]
[Round "3.2"]
[White "Godart, Francois"]
[Black "Docx, Stefan"]
[Result "1/2-1/2"]
[WhiteElo "2439"]
[BlackElo "2430"]
[PlyCount "75"]
[EventDate "2019.09.29"]
[EventType "team-tourn"]
[EventRounds "11"]
[EventCountry "BEL"]
[SourceTitle "CBM 195 Extra"]
[Source "ChessBase"]
[SourceDate "2020.05.31"]
[SourceVersion "1"]
[SourceVersionDate "2020.05.31"]
[SourceQuality "1"]
[WhiteTeam "Liege Crelel"]
[BlackTeam "Borgerhout"]
[WhiteTeamCountry "BEL"]
[BlackTeamCountry "BEL"]

1. Nf3 Nf6 2. g3 d5 3. Bg2 c5 4. 0-0 e6 5. d4 cxd4 6. Nxd4 e5 7. Nf3 Nc6 8. c4 d4 9. e3 Be7 10. exd4 exd4 11. Bf4 0-0 12. Ne5 Qb6 13. Qb3 Na5 14. Qxb6 axb6 15. Na3 Bxa3 16. bxa3 Bf5 17. Rfd1 Rfd8 18. Rd2 Rac8 19. Rad1 d3 20. Bf1 Re8 21. Bxd3 Ne4 22. Bxe4 Bxe4 23. f3 Bf5 24. g4 Be6 25. g5 Nxc4 26. Nxc4 Bxc4 27. Kf2 Be6 28. Be3 Ra8 29. Rd3 Bc4 30. Rc3 b5 31. Rd7 b6 32. Bxb6 Bxa2 33. Re3 Be6 34. Rd2 Rec8 35. Red3 Kf8 36. Rd8+ Rxd8 37. Rxd8+ Rxd8 38. Bxd8 1/2-1/2

[Event "Brasschaat op 19th"]
[Site "Brasschaat"]
[Date "2019.08.23"]
[Round "7"]
[White "Docx, Stefan"]
[Black "Van Dijck, Bjarne"]
[Result "1-0"]
[WhiteElo "2433"]
[BlackElo "2053"]
[PlyCount "127"]
[EventDate "2019.08.17"]
[EventType "swiss"]
[EventRounds "9"]
[EventCountry "BEL"]
[SourceTitle "EXT 2020"]
[Source "ChessBase"]
[SourceDate "2019.10.17"]
[SourceVersion "1"]
[SourceVersionDate "2019.10.17"]
[SourceQuality "1"]

1. c4 e5 2. Nc3 Nc6 3. Nf3 f5 4. g3 Nf6 5. d4 e4 6. Nh4 d5 7. Bg5 dxc4 8. e3 Be7 9. Bxc4 Na5 10. Be2 0-0 11. 0-0 Be6 12. Ng2 Bf7 13. Qc2 Nc4 14. Bxf6 Bxf6 15. Nxe4 fxe4 16. Bxc4 Qe7 17. Rac1 c6 18. Nf4 Kh8 19. Bxf7 Rxf7 20. Qb3 g5 21. Nh5 g4 22. Rc5 Raf8 23. Qc2 b6 24. Rxc6 Bg5 25. d5 Qe5 26. Re6 Qxd5 27. Qc3+ Kg8 28. Re5 Qd8 29. Rxe4 Qd7 30. Qc4 b5 31. Qe6 Qxe6 32. Rxe6 Rf5 33. Re4 Bxe3 34. Rxe3 Rxh5 35. Rfe1 Rhf5 36. R1e2 h5 37. Rd3 R8f7 38. Kg2 Kg7 39. Rdd2 Kg6 40. h3 Kg5 41. hxg4 hxg4 42. Rd4 Kh5 43. Kg1 Kg5 44. Ree4 Rxf2 45. Rxg4+ Kh6 46. Rg8 Kh7 47. Rg5 Rf1+ 48. Kg2 R7f2+ 49. Kh3 Rh1+ 50. Kg4 Rxb2 51. Rd7+ Kh6 52. Rd6+ Kh7 53. Rc5 Rf1 54. Rc7+ Kg8 55. Rg6+ Kf8 56. Rxa7 Rf7 57. Ra8+ Ke7 58. Kg5 Rc2 59. g4 Rg2 60. Rb6 Rgf2 61. Rxb5 Rg7+ 62. Kh4 Rg2 63. Rb7+ Kf6 64. Ra6+ 1-0

[Event "Ghent Eastman op 42nd"]
[Site "Ghent"]
[Date "2019.07.24"]
[Round "9"]
[White "Docx, Stefan"]
[Black "Gormally, Daniel"]
[Result "1/2-1/2"]
[WhiteElo "2433"]
[BlackElo "2498"]
[PlyCount "43"]
[EventDate "2019.07.20"]
[EventType "swiss"]
[EventRounds "9"]
[EventCountry "BEL"]
[SourceTitle "CBM 191 Extra"]
[Source "ChessBase"]
[SourceDate "2019.09.30"]
[SourceVersion "1"]
[SourceVersionDate "2019.09.30"]
[SourceQuality "1"]

1. c4 Nf6 2. Nc3 g6 3. d4 Bg7 4. e4 d6 5. Be2 0-0 6. Be3 Na6 7. Nf3 c5 8. d5 e6 9. 0-0 Re8 10. Nd2 Nc7 11. Bg5 h6 12. Bh4 e5 13. a3 Bd7 14. b4 b6 15. Rb1 Na6 16. Nb5 Qe7 17. Re1 Rec8 18. h3 Nc7 19. Nc3 Na6 20. Nb5 Nc7 21. Nc3 Na6 22. Nb5 1/2-1/2

[Event "Brasschaat op 18th"]
[Site "Brasschaat"]
[Date "2018.08.26"]
[Round "9"]
[White "Docx, Stefan"]
[Black "Kazarian, Anna Maja"]
[Result "1-0"]
[WhiteElo "2444"]
[BlackElo "2183"]
[PlyCount "147"]
[EventDate "2018.08.18"]
[EventType "swiss"]
[EventRounds "9"]
[EventCountry "BEL"]
[SourceTitle "CBM 186 Extra"]
[Source "ChessBase"]
[SourceDate "2018.08.24"]
[SourceVersion "1"]
[SourceVersionDate "2018.08.24"]
[SourceQuality "1"]

1. d4 Nf6 2. c4 e6 3. Nf3 d5 4. g3 Bb4+ 5. Bd2 Be7 6. Bg2 0-0 7. 0-0 b6 8. Nc3 Bb7 9. Ne5 Nbd7 10. Rc1 c5 11. Bf4 Ne4 12. Nxe4 dxe4 13. Nxd7 Qxd7 14. dxc5 Qxd1 15. Rfxd1 Bxc5 16. Rd7 Bc6 17. Rc7 Rac8 18. Rxa7 Rfd8 19. a3 Bd4 20. b4 e5 21. Bd2 Bxf2+ 22. Kxf2 Rxd2 23. b5 Rd7 24. Rxd7 Bxd7 25. a4 f5 26. g4 g6 27. Rd1 Be6 28. gxf5 gxf5 29. Rd6 Bxc4 30. Rxb6 Ra8 31. Bh3 Rxa4 32. Bxf5 Ra2 33. Be6+ Bxe6 34. Rxe6 Rb2 35. Rxe5 Kf7 36. Ke3 Rb4 37. h4 Kf6 38. Rc5 Kg6 39. h5+ Kf6 40. Kf4 Ke6 41. e3 Kd6 42. Re5 h6 43. Rf5 Ke6 44. Rc5 Kd6 45. Rc6+ Kd5 46. Rxh6 Rxb5 47. Rh8 Ke6 48. h6 Kf7 49. Kxe4 Kg6 50. Kd4 Rb4+ 51. Kd5 Rb5+ 52. Kc4 Re5 53. Kd4 Ra5 54. e4 Ra4+ 55. Ke5 Ra5+ 56. Kf4 Ra4 57. h7 Kg7 58. Rg8+ Kxh7 59. Rg1 Ra8 60. Kf5 Rf8+ 61. Ke6 Ra8 62. e5 Ra6+ 63. Kf7 Ra7+ 64. Kf6 Ra2 65. e6 Rf2+ 66. Ke7 Re2 67. Kf7 Rf2+ 68. Ke8 Ra2 69. e7 Ra3 70. Re1 Kg7 71. Kd7 Ra7+ 72. Kd6 Ra6+ 73. Kc5 Ra5+ 74. Kb6 1-0

[Event "Brasschaat op 18th"]
[Site "Brasschaat"]
[Date "2018.08.23"]
[Round "6"]
[White "Docx, Stefan"]
[Black "Beukema, Christiaan"]
[Result "1-0"]
[WhiteElo "2444"]
[BlackElo "1929"]
[PlyCount "43"]
[EventDate "2018.08.18"]
[EventType "swiss"]
[EventRounds "9"]
[EventCountry "BEL"]
[SourceTitle "CBM 186 Extra"]
[Source "ChessBase"]
[SourceDate "2018.08.24"]
[SourceVersion "1"]
[SourceVersionDate "2018.08.24"]
[SourceQuality "1"]

1. c4 Nf6 2. Nf3 g6 3. Nc3 Bg7 4. e4 d6 5. d4 0-0 6. Be2 c6 7. 0-0 d5 8. e5 Ne8 9. b3 Nc7 10. Re1 Ne6 11. Bf1 b6 12. Be3 Bb7 13. Qd2 c5 14. cxd5 Bxd5 15. Nxd5 cxd4 16. Nxd4 Qxd5 17. Bc4 Qxe5 18. Nxe6 fxe6 19. Bh6 Bxh6 20. Qxh6 Qd4 21. Bxe6+ Kh8 22. Qxf8# 1-0

[Event "Brasschaat op 18th"]
[Site "Brasschaat"]
[Date "2018.08.20"]
[Round "3"]
[White "Pirard, Natan"]
[Black "Docx, Stefan"]
[Result "1/2-1/2"]
[WhiteElo "2052"]
[BlackElo "2444"]
[PlyCount "61"]
[EventDate "2018.08.18"]
[EventType "swiss"]
[EventRounds "9"]
[EventCountry "BEL"]
[SourceTitle "CBM 186 Extra"]
[Source "ChessBase"]
[SourceDate "2018.08.24"]
[SourceVersion "1"]
[SourceVersionDate "2018.08.24"]
[SourceQuality "1"]

1. e4 c5 2. Nf3 d6 3. Bb5+ Nd7 4. d4 cxd4 5. Qxd4 a6 6. Bxd7+ Bxd7 7. Nc3 e5 8. Qd3 h6 9. 0-0 Rc8 10. Rd1 Nf6 11. Nd2 Qc7 12. a4 Be7 13. Nf1 0-0 14. Ne3 Be6 15. a5 Qc5 16. Ra3 Bd8 17. Bd2 Qd4 18. Be1 Qxd3 19. Rxd3 g6 20. f3 Ne8 21. Ncd5 Bxd5 22. Nxd5 Rxc2 23. Rab3 Rc1 24. Kf2 f5 25. exf5 Rxf5 26. Bd2 Rc5 27. Nc3 Bxa5 28. Rxb7 g5 29. b4 e4 30. Nxe4 Rc4 31. bxa5 1/2-1/2

[Event "Brasschaat op 18th"]
[Site "Brasschaat"]
[Date "2018.08.18"]
[Round "1"]
[White "Dgebuadze, Marie"]
[Black "Docx, Stefan"]
[Result "0-1"]
[WhiteElo "1733"]
[BlackElo "2444"]
[PlyCount "96"]
[EventDate "2018.08.18"]
[EventType "swiss"]
[EventRounds "9"]
[EventCountry "BEL"]
[SourceTitle "CBM 186 Extra"]
[Source "ChessBase"]
[SourceDate "2018.08.24"]
[SourceVersion "1"]
[SourceVersionDate "2018.08.24"]
[SourceQuality "1"]

1. d4 Nf6 2. Nf3 g6 3. Bf4 Bg7 4. c3 0-0 5. h3 d6 6. e3 c5 7. Be2 Be6 8. 0-0 Qb6 9. Qc1 Nc6 10. Nbd2 Rac8 11. Bc4 Bxc4 12. Nxc4 Qa6 13. Na3 Nd5 14. dxc5 Nxf4 15. exf4 dxc5 16. Qc2 Nb4 17. Qe4 Nd3 18. Nc4 Rfd8 19. Nfe5 Nxe5 20. Nxe5 Rd2 21. Nc4 Rd7 22. Ne5 Qe6 23. Rad1 Rcd8 24. Rxd7 Rxd7 25. Re1 Bxe5 26. Qxe5 Qxe5 27. Rxe5 Rd1+ 28. Kh2 Rd2 29. Rxe7 Rxb2 30. Kg3 a5 31. a4 Rb3 32. f3 b6 33. Rb7 Kg7 34. Kg4 Rb2 35. Kg3 h5 36. h4 Kf6 37. Kh3 Rb3 38. Kg3 Ke6 39. Rc7 Rxc3 40. Rc6+ Kd5 41. Rxb6 Ra3 42. Rf6 c4 43. Rxf7 c3 44. Rd7+ Kc5 45. Rc7+ Kd4 46. f5 gxf5 47. Kf4 Rxa4 48. Kxf5 Rc4 0-1

[Event "Charleroi Experts"]
[Site "Charleroi"]
[Date "2018.07.31"]
[Round "5"]
[White "Docx, Stefan"]
[Black "Fontaine, Quentin"]
[Result "1/2-1/2"]
[WhiteElo "2444"]
[BlackElo "2313"]
[PlyCount "120"]
[EventDate "2018.07.28"]
[EventType "tourn"]
[EventRounds "9"]
[EventCountry "BEL"]
[EventCategory "6"]
[SourceTitle "CBM 185 Extra"]
[Source "ChessBase"]
[SourceDate "2018.07.29"]
[SourceVersion "1"]
[SourceVersionDate "2018.07.29"]
[SourceQuality "1"]

1. c4 Nf6 2. Nc3 e6 3. e4 d5 4. e5 d4 5. exf6 dxc3 6. bxc3 Qxf6 7. Nf3 b6 8. g3 Bb7 9. Bg2 Bd6 10. 0-0 0-0 11. d4 h6 12. Qd3 Rd8 13. h4 Qf5 14. Qxf5 exf5 15. h5 Nd7 16. Nh4 Be4 17. Bxe4 fxe4 18. g4 Nf6 19. g5 Nxh5 20. gxh6 g6 21. f3 Re8 22. Be3 Ng3 23. Rf2 exf3 24. Rxf3 Re4 25. Ng2 Nf5 26. Bf4 Rae8 27. a4 Bxf4 28. Nxf4 Re1+ 29. Rf1 Rxa1 30. Rxa1 c6 31. a5 Re3 32. c5 bxc5 33. d5 cxd5 34. Nxd5 Re6 35. Rb1 Ne7 36. c4 Nxd5 37. cxd5 Rd6 38. Rb7 Rxd5 39. h7+ Kh8 40. Rxf7 Rg5+ 41. Kh2 Rh5+ 42. Kg3 Rxh7 43. Rf8+ Kg7 44. Rc8 Rh5 45. Rc7+ Kf6 46. Rxa7 Ke5 47. Rg7 Rg5+ 48. Kf3 Kd4 49. a6 c4 50. Rg8 Ra5 51. Rxg6 Kd3 52. Rd6+ Kc2 53. Ke3 c3 54. Rc6 Ra4 55. Ke2 Ra3 56. Ke1 Kb2 57. Ke2 Ra5 58. Kd3 Ra3 59. a7 Rxa7 60. Rb6+ Kc1 1/2-1/2

[Event "Charleroi Experts"]
[Site "Charleroi"]
[Date "2018.07.30"]
[Round "3"]
[White "Docx, Stefan"]
[Black "Sadkowsky, Daniel"]
[Result "1-0"]
[WhiteElo "2444"]
[BlackElo "2235"]
[PlyCount "63"]
[EventDate "2018.07.28"]
[EventType "tourn"]
[EventRounds "9"]
[EventCountry "BEL"]
[EventCategory "6"]
[SourceTitle "CBM 185 Extra"]
[Source "ChessBase"]
[SourceDate "2018.07.29"]
[SourceVersion "1"]
[SourceVersionDate "2018.07.29"]
[SourceQuality "1"]

1. Nf3 d5 2. c4 e6 3. g3 dxc4 4. Bg2 Nf6 5. Na3 c5 6. Nxc4 Nc6 7. 0-0 Be7 8. b3 0-0 9. Bb2 Qc7 10. Nfe5 Bd7 11. Rc1 Rfd8 12. Nxd7 Qxd7 13. d3 Rac8 14. Qd2 b6 15. f4 Nd5 16. f5 Bf8 17. Bh3 Nc7 18. Rf2 exf5 19. Bxf5 Ne6 20. Rcf1 Rc7 21. Be5 Nxe5 22. Nxe5 Qd4 23. Bxe6 Qxe5 24. Bxf7+ Kh8 25. Rf5 Qd4+ 26. e3 Qd6 27. Rd5 Qe7 28. Qf2 Rcc8 29. Rh5 Qd6 30. Qf5 h6 31. Be6 Rc7 32. Qg6 1-0

[Event "Charleroi Experts"]
[Site "Charleroi"]
[Date "2018.07.30"]
[Round "4"]
[White "Hautot, Stephane"]
[Black "Docx, Stefan"]
[Result "1-0"]
[WhiteElo "2338"]
[BlackElo "2444"]
[PlyCount "95"]
[EventDate "2018.07.28"]
[EventType "tourn"]
[EventRounds "9"]
[EventCountry "BEL"]
[EventCategory "6"]
[SourceTitle "CBM 185 Extra"]
[Source "ChessBase"]
[SourceDate "2018.07.29"]
[SourceVersion "1"]
[SourceVersionDate "2018.07.29"]
[SourceQuality "1"]

1. Nf3 Nf6 2. g3 d5 3. Bg2 c5 4. 0-0 e6 5. d4 cxd4 6. Nxd4 e5 7. Nb3 Be6 8. c4 Nc6 9. cxd5 Bxd5 10. Nc3 Bxg2 11. Kxg2 Bb4 12. Bg5 Bxc3 13. bxc3 Qxd1 14. Rfxd1 Ne4 15. Bd2 Ke7 16. c4 Rhd8 17. Be1 f6 18. Rd5 Rac8 19. Rad1 b6 20. f3 Ng5 21. a4 Ne6 22. Bf2 Nb4 23. Rxd8 Rxd8 24. Rb1 Nc6 25. c5 bxc5 26. Nxc5 Nxc5 27. Bxc5+ Ke6 28. Rb7 Rd7 29. Rxd7 Kxd7 30. e4 a6 31. f4 Nd8 32. f5 Nf7 33. Kf3 Nd6 34. Bb4 Kc6 35. g4 h6 36. Ke3 Nc4+ 37. Kf3 Nd6 38. h3 Kd7 39. Ke3 Nc4+ 40. Ke2 Ke8 41. a5 Kd7 42. Bf8 h5 43. gxh5 Nxa5 44. Bxg7 Ke7 45. h6 Kf7 46. Bh8 Kg8 47. Bxf6 Nc6 48. Kd3 1-0

[Event "Charleroi Experts"]
[Site "Charleroi"]
[Date "2018.07.29"]
[Round "2"]
[White "Malakhatko, Vadim"]
[Black "Docx, Stefan"]
[Result "1/2-1/2"]
[WhiteElo "2499"]
[BlackElo "2444"]
[PlyCount "43"]
[EventDate "2018.07.28"]
[EventType "tourn"]
[EventRounds "9"]
[EventCountry "BEL"]
[EventCategory "6"]
[SourceTitle "CBM 185 Extra"]
[Source "ChessBase"]
[SourceDate "2018.07.29"]
[SourceVersion "1"]
[SourceVersionDate "2018.07.29"]
[SourceQuality "1"]

1. c4 c5 2. g3 g6 3. Bg2 Bg7 4. Nc3 Nc6 5. a3 Nf6 6. Nh3 d5 7. cxd5 Nxd5 8. Nxd5 Bxh3 9. Bxh3 Qxd5 10. 0-0 0-0 11. Bg2 Qe6 12. e3 Rac8 13. Qc2 b6 14. Rb1 Rfd8 15. b3 Rd6 16. f4 Qd7 17. Rf2 e6 18. Bb2 Rd8 19. Bxg7 Kxg7 20. b4 cxb4 21. axb4 Ne7 22. Rb2 1/2-1/2

[Event "Charleroi Experts"]
[Site "Charleroi"]
[Date "2018.07.28"]
[Round "1"]
[White "Docx, Stefan"]
[Black "Dardha, Daniel"]
[Result "1/2-1/2"]
[WhiteElo "2444"]
[BlackElo "2330"]
[PlyCount "72"]
[EventDate "2018.07.28"]
[EventType "tourn"]
[EventRounds "9"]
[EventCountry "BEL"]
[EventCategory "6"]
[SourceTitle "CBM 185 Extra"]
[Source "ChessBase"]
[SourceDate "2018.07.29"]
[SourceVersion "1"]
[SourceVersionDate "2018.07.29"]
[SourceQuality "1"]

1. e4 c5 2. Nf3 g6 3. d4 cxd4 4. Qxd4 Nf6 5. Nc3 Nc6 6. Qa4 d6 7. e5 dxe5 8. Nxe5 Bd7 9. Nxd7 Nxd7 10. Bb5 Bg7 11. 0-0 0-0 12. Rd1 Rc8 13. Bg5 h6 14. Bh4 a6 15. Bf1 Qe8 16. Qa3 g5 17. Bg3 Nd4 18. Rd2 Nf5 19. Ne4 Nf6 20. Bd3 Nxe4 21. Bxe4 Nxg3 22. hxg3 Qb5 23. c3 Rcd8 24. Rad1 Rxd2 25. Rxd2 Qe5 26. Re2 Qc7 27. Bf3 e6 28. Rd2 Rd8 29. Rxd8+ Qxd8 30. Qa4 Qd2 31. Qe4 Qc1+ 32. Kh2 Qxb2 33. Qxb7 Bxc3 34. Qxb2 Bxb2 35. g4 Kg7 36. Be2 Kf6 1/2-1/2

[Event "Ghent Eastman op 41st"]
[Site "Ghent"]
[Date "2018.07.17"]
[Round "7"]
[White "Docx, Stefan"]
[Black "Hamblok, Roel"]
[Result "1/2-1/2"]
[WhiteElo "2444"]
[BlackElo "2286"]
[PlyCount "73"]
[EventDate "2018.07.14"]
[EventType "swiss"]
[EventRounds "9"]
[EventCountry "BEL"]
[SourceTitle "CBM 185 Extra"]
[Source "ChessBase"]
[SourceDate "2018.07.29"]
[SourceVersion "1"]
[SourceVersionDate "2018.07.29"]
[SourceQuality "1"]

1. Nf3 Nf6 2. c4 e6 3. Nc3 d5 4. d4 Be7 5. Bf4 0-0 6. e3 b6 7. cxd5 Nxd5 8. Nxd5 exd5 9. a3 c5 10. Be2 Nc6 11. 0-0 Be6 12. Bb5 Qc8 13. dxc5 bxc5 14. Qa4 Bd7 15. Qa6 Nb8 16. Qxc8 Rxc8 17. Be2 a6 18. Rfd1 Be6 19. Rac1 Nd7 20. Ne5 Nb6 21. h3 h6 22. Bg3 c4 23. Nf3 Na4 24. Be5 f6 25. Bc3 Rab8 26. Nd4 Bf7 27. Bg4 Rc7 28. Ne6 Rcb7 29. Nf4 Nxb2 30. Bxb2 Rxb2 31. Nxd5 Bxa3 32. Rxc4 Rb1 33. Rcd4 Bc5 34. R4d2 a5 35. Rxb1 Rxb1+ 36. Kh2 Rb8 37. Bd1 1/2-1/2